[Event "London Classic Open 2015"]
[Site "London ENG"]
[Date "2015.12.05"]
[Round "2.25"]
[White "Wegerle, Joerg"]
[Black "Barj, Julien"]
[Result "1-0"]
[WhiteTitle "IM"]
[WhiteElo "2440"]
[BlackElo "2207"]
[WhiteFideId "4644743"]
[BlackFideId "629200"]
[EventDate "2015.12.04"]

1. d4 Nf6 2. Nf3 b6 3. e3 Bb7 4. Nbd2 e6 5. Bd3 c5 6. O-O cxd4 7. exd4 Be7 8. c3
O-O 9. Qe2 d5 10. Ne5 Qc8 11. a4 a5 12. Re1 Ba6 13. Nf1 Ne4 14. Ng3 Nxg3 15.
hxg3 Bxd3 16. Nxd3 Nd7 17. Bf4 Qc4 18. Ne5 Nxe5 19. Bxe5 Qxe2 20. Rxe2 Rfc8 21.
g4 Ra7 22. Kf1 Rb7 23. Ke1 b5 24. axb5 Rxb5 25. Kd1 Rc4 26. Kc2 a4 27. Bf4 Rb6
28. g5 Rbc6 29. Kb1 Kf8 30. Bd2 f6 31. gxf6 Bxf6 32. Ka2 h5 33. f3 Rb6 34. Rh1
g6 35. g4 hxg4 36. fxg4 Bg7 37. Rf2+ Kg8 38. Be3 Rc7 39. Bf4 Rc8 40. Rh3 Rf8 41.
Rhf3 Rc6 42. Bg3 Rxf3 43. Rxf3 Rc4 44. Re3 Rc6 45. Ka3 Ra6 46. Rf3 Bf8+ 47. Ka2
Rc6 48. Be5 Bg7 49. Bf6 Rc4 50. g5 Kf7 51. Bxg7+ Kxg7 52. Ka3 e5 53. dxe5 Re4
54. e6 Rxe6 55. Kxa4 Re5 56. Rg3 Kf7 57. Kb4 Ke6 58. Kc5 Kd7 59. Kb6 Re6+ 60.
Kb7 Re5 61. b4 d4 62. Rd3 Rb5+ 63. Ka6 Rxg5 64. Rxd4+ Kc6 65. Rc4+ Kd7 66. b5
Rg1 67. b6 1-0

[Event "London Classic Open 2015"]
[Site "London ENG"]
[Date "2015.12.05"]
[Round "2.26"]
[White "Guthrie, David"]
[Black "Williams, Simon K"]
[Result "0-1"]
[BlackTitle "GM"]
[WhiteElo "2198"]
[BlackElo "2439"]
[WhiteFideId "4300505"]
[BlackFideId "404454"]
[EventDate "2015.12.04"]

1. d4 e6 2. c4 f5 3. Nf3 Nf6 4. g3 Bb4+ 5. Bd2 Be7 6. Nc3 O-O 7. Bg2 d6 8. O-O
Nc6 9. d5 Ne5 10. Nd4 Nxc4 11. dxe6 d5 12. Bg5 c6 13. Nxf5 Bxe6 14. Nxe7+ Qxe7
15. Qc2 Qf7 16. Rad1 Qh5 17. h4 Ne5 18. Rd4 h6 19. Bxf6 Rxf6 20. f4 Ng4 21. Qd2
Rff8 22. b4 Rae8 23. e4 dxe4 24. Nxe4 Bd5 25. Re1 Kh8 26. Nd6 Rxe1+ 27. Qxe1 Qg6
28. Nc4 Qc2 29. Ne3 Nxe3 30. Bxd5 Nxd5 0-1

[Event "London Classic Open 2015"]
[Site "London ENG"]
[Date "2015.12.05"]
[Round "2.27"]
[White "Summerscale, Aaron P"]
[Black "Juknis, Paulius"]
[Result "1-0"]
[WhiteTitle "GM"]
[WhiteElo "2418"]
[BlackElo "2192"]
[WhiteFideId "400980"]
[BlackFideId "12802247"]
[EventDate "2015.12.04"]

1. Nf3 Nf6 2. c4 g6 3. Nc3 Bg7 4. d4 d6 5. e4 O-O 6. Be2 Na6 7. O-O e5 8. Re1
Bg4 9. Be3 Bxf3 10. Bxf3 exd4 11. Bxd4 Nb4 12. e5 Nd7 13. Bxb7 Rb8 14. Be4 c5
15. Be3 Nxe5 16. a3 Nbc6 17. Bd5 Na5 18. Qe2 Nb3 19. Rab1 a6 20. Ne4 Qc7 21. Qd1
Nc6 22. Bg5 Nbd4 23. Re3 Kh8 24. Bf6 Bxf6 25. Nxf6 Kg7 26. Ne4 Ne7 27. Nc3 Nef5
28. Re1 Rfe8 29. Rxe8 Rxe8 30. b4 Re7 31. g3 Qd8 32. Qd3 Qe8 33. Ne4 Qd8 34.
bxc5 dxc5 35. Nxc5 Qa5 36. Ne4 Ne6 37. Qb3 Nfd4 38. Qb2 Kh6 39. Kg2 Qc7 40. Rd1
Nf5 41. Nf6 1-0

[Event "London Classic Open 2015"]
[Site "London ENG"]
[Date "2015.12.05"]
[Round "2.28"]
[White "Motycakova, Monika"]
[Black "D'Costa, Lorin A R"]
[Result "1/2-1/2"]
[WhiteTitle "WFM"]
[BlackTitle "IM"]
[WhiteElo "2185"]
[BlackElo "2418"]
[WhiteFideId "14909626"]
[BlackFideId "409219"]
[EventDate "2015.12.04"]

1. e4 c5 2. Nf3 e6 3. d4 cxd4 4. Nxd4 Nc6 5. Nc3 Qc7 6. Be2 a6 7. O-O Nf6 8. Be3
Bb4 9. Na4 Be7 10. Nxc6 bxc6 11. Nb6 Rb8 12. Nxc8 Qxc8 13. Bd4 Qc7 14. e5 Nd5
15. c4 Nf4 16. Bf3 Ng6 17. Qe2 c5 18. Bc3 d6 19. exd6 Bxd6 20. g3 Be5 21. Bxe5
Qxe5 22. b3 Qxe2 23. Bxe2 Ne7 24. f4 g6 25. Rfd1 Nf5 26. Kf2 Ke7 27. Rd2 Rhd8
28. Rxd8 Kxd8 29. Rd1+ Ke7 30. Bf3 a5 31. Rd3 Rb6 32. Bg4 Nd4 33. Ke3 Rd6 34.
Kd2 f5 35. Bd1 h6 36. a3 g5 37. Ke3 gxf4+ 38. gxf4 Nc6 39. Bf3 Nd4 40. Bd1 Nc6
41. Bf3 Nd4 42. Bd1 1/2-1/2

[Event "London Classic Open 2015"]
[Site "London ENG"]
[Date "2015.12.05"]
[Round "2.29"]
[White "Koop, Thorben"]
[Black "Player, Edmund C"]
[Result "1-0"]
[WhiteTitle "FM"]
[WhiteElo "2418"]
[BlackElo "2183"]
[WhiteFideId "24661619"]
[BlackFideId "406520"]
[EventDate "2015.12.04"]

1. Nf3 Nf6 2. g3 g6 3. b3 Bg7 4. Bb2 d5 5. c4 c6 6. Bg2 O-O 7. O-O b6 8. d4 Bb7
9. Nc3 Nbd7 10. Qc2 Rc8 11. e4 dxe4 12. Nxe4 Qc7 13. Nc3 e6 14. Rad1 b5 15. c5
Qa5 16. a3 Rfd8 17. Bc1 Nf8 18. b4 Qa6 19. Bd2 Nd5 20. Ne4 Qa4 21. Qb2 Nd7 22.
Nd6 Rc7 23. Ne5 Rf8 24. Be4 Ba8 25. Bc2 Qa6 26. a4 Nxe5 27. dxe5 bxa4 28. Ra1 a3
29. Qb3 1-0

[Event "London Classic Open 2015"]
[Site "London ENG"]
[Date "2015.12.05"]
[Round "2.32"]
[White "Coleman, David J"]
[Black "Korley, Kassa"]
[Result "0-1"]
[WhiteTitle "CM"]
[BlackTitle "IM"]
[WhiteElo "2176"]
[BlackElo "2389"]
[WhiteFideId "402087"]
[BlackFideId "2033801"]
[EventDate "2015.12.04"]

1. e4 e5 2. Nf3 Nc6 3. d4 exd4 4. Bc4 Bc5 5. c3 Nf6 6. e5 d5 7. Bb5 Ne4 8. cxd4
Bb6 9. O-O O-O 10. Be3 Bg4 11. Bxc6 bxc6 12. Qc2 Bxf3 13. gxf3 Ng5 14. Nd2 Ne6
15. Nb3 Qh4 16. Qxc6 Rad8 17. Rad1 Qh3 18. Rd3 Qxf3 19. Rfd1 Qg4+ 20. Kf1 f6 21.
Nc5 Bxc5 22. dxc5 d4 23. Bc1 fxe5 24. f3 e4 0-1

[Event "London Classic Open 2015"]
[Site "London ENG"]
[Date "2015.12.05"]
[Round "2.33"]
[White "Kiik, Kalle"]
[Black "Haribalu, V."]
[Result "1-0"]
[WhiteTitle "IM"]
[WhiteElo "2382"]
[BlackElo "2174"]
[WhiteFideId "4500075"]
[BlackFideId "5015189"]
[EventDate "2015.12.04"]

1. c4 e5 2. Nc3 d6 3. e4 g6 4. g3 Bg7 5. Bg2 Nh6 6. Nge2 O-O 7. O-O Be6 8. b3 c5
9. d3 Nc6 10. Nd5 f5 11. exf5 gxf5 12. f4 Ne7 13. Rb1 Ng4 14. h3 Bxd5 15. cxd5
Nf6 16. b4 Qb6 17. Be3 Nexd5 18. Bf2 Rf7 19. bxc5 Qd8 20. Qb3 e4 21. dxe4 fxe4
22. Rfd1 dxc5 23. Bxc5 Kh8 24. Bd4 Qe8 25. g4 Nb6 26. Ng3 Rd8 27. Nf5 Rxd4 28.
Rxd4 Bf8 29. Kh1 Rc7 30. Rbd1 Nbd7 31. Qb2 Kg8 32. Nd6 Qg6 33. Nxe4 Bg7 34. Qb3+
Kf8 35. Ng5 Nc5 36. Rd8+ Ne8 37. Qe3 h6 38. f5 Re7 39. Ne4 Rxe4 40. Qxc5+ 1-0

[Event "London Classic Open 2015"]
[Site "London ENG"]
[Date "2015.12.05"]
[Round "2.34"]
[White "Williamson, Roger G"]
[Black "Gulamali, Kazim"]
[Result "0-1"]
[BlackTitle "FM"]
[WhiteElo "2172"]
[BlackElo "2379"]
[WhiteFideId "414620"]
[BlackFideId "2024764"]
[EventDate "2015.12.04"]

1. d4 d6 2. e4 Nf6 3. Nc3 e5 4. Nf3 Nbd7 5. g3 c6 6. a4 Be7 7. Bg2 O-O 8. O-O a5
9. h3 Re8 10. d5 Nc5 11. Re1 cxd5 12. exd5 Nfd7 13. Be3 f5 14. Nd2 b6 15. Nc4
Ba6 16. Bf1 e4 17. Nb5 Bxb5 18. axb5 Qc7 19. f4 Bf6 20. Re2 Rf8 21. g4 fxg4 22.
hxg4 g5 23. fxg5 Bg7 24. Bg2 Ne5 25. Nxe5 Bxe5 26. c3 Rae8 27. Qc2 Bf4 28. Rf1
Bxe3+ 29. Rxe3 Rxf1+ 30. Kxf1 Qf7+ 31. Kg1 Qxd5 32. b4 axb4 33. cxb4 Qd4 34. Qc3
Qxc3 35. Rxc3 Na4 36. Rc6 d5 37. Kf2 d4 38. Rd6 d3 39. Ke3 Nb2 40. Rd4 Nd1+ 41.
Kd2 Nf2 42. Bxe4 Nxe4+ 43. Kxd3 Nxg5 44. Rd7 Re4 45. Rd4 Re6 46. Kc4 Nf7 47. Rd2
Kf8 48. Ra2 Rd6 49. Ra7 Ne5+ 50. Kc3 h6 51. Rc7 0-1

[Event "London Classic Open 2015"]
[Site "London ENG"]
[Date "2015.12.05"]
[Round "2.35"]
[White "Martins, David Pires Tavares"]
[Black "Obioma Onuoha"]
[Result "1-0"]
[WhiteTitle "FM"]
[WhiteElo "2372"]
[BlackElo "2165"]
[WhiteFideId "1909991"]
[BlackFideId "8505837"]
[EventDate "2015.12.04"]

1. Nf3 d5 2. g3 e6 3. Bg2 f5 4. O-O Nf6 5. c4 c6 6. d3 Be7 7. Nc3 O-O 8. b3 d4
9. Nb1 c5 10. e3 dxe3 11. fxe3 Nc6 12. Bb2 Ng4 13. Qe2 Bf6 14. Nc3 Nge5 15. Rfd1
Nxf3+ 16. Bxf3 Ne5 17. Bg2 Ng4 18. Na4 Bg5 19. Bc1 Qf6 20. d4 Qh6 21. h3 Bxe3+
22. Bxe3 Nxe3 23. Nxc5 Nxd1 24. Rxd1 f4 25. gxf4 Rxf4 26. d5 Rf8 27. d6 Qg5 28.
b4 b6 29. h4 Qxh4 30. Bxa8 bxc5 31. Bg2 Bd7 32. bxc5 Qg5 33. Qd2 Qxc5+ 34. Qd4
Qxd4+ 35. Rxd4 Rc8 36. Kf2 Rc5 37. Ke3 Ra5 38. Rd2 Kf7 39. Rf2+ Ke8 40. Rb2 g6
41. Rb8+ Kf7 42. Rb7 Ke8 43. Rb8+ Kf7 44. Rd8 Be8 45. d7 Bxd7 46. Rxd7+ Kf6 47.
Kd4 Rxa2 48. Be4 Rd2+ 49. Bd3 h5 50. c5 Ra2 51. c6 e5+ 52. Kc3 e4 53. Bxe4 Ra5
54. c7 Rc5+ 55. Kd4 Ke6 56. Rg7 Rc1 57. Bc6 Rxc6 58. Rxg6+ Kd7 59. Rxc6 1-0

[Event "London Classic Open 2015"]
[Site "London ENG"]
[Date "2015.12.05"]
[Round "2.36"]
[White "Murphy, Hugh W"]
[Black "Guramishvili, Sopiko"]
[Result "0-1"]
[BlackTitle "IM"]
[WhiteElo "2168"]
[BlackElo "2368"]
[WhiteFideId "422444"]
[BlackFideId "13602888"]
[EventDate "2015.12.04"]

1. e4 c5 2. b3 Nf6 3. e5 Nd5 4. Bb2 g6 5. d4 Qa5+ 6. c3 cxd4 7. Qxd4 Nc6 8. Qd2
Nc7 9. f4 Bh6 10. b4 Qd5 11. Qxd5 Nxd5 12. g3 Ne3 13. Bd3 d6 14. Ke2 Nf5 15. b5
Nd8 16. Nf3 dxe5 17. fxe5 f6 18. Nbd2 O-O 19. Ne4 Bg7 20. c4 Nh6 21. exf6 exf6
22. Nd6 Ndf7 23. Nxc8 Raxc8 24. h3 Nd6 25. Rac1 Nhf5 26. Kf2 Bh6 27. Bxf5 Nxf5
28. Rc3 Nd6 29. Re1 Nxc4 30. Bc1 Bg7 31. Re7 Nd6 32. Rxc8 Rxc8 33. Bf4 Nxb5 34.
Rxb7 a6 35. a4 Nc3 36. a5 Bf8 37. Rb8 Rxb8 38. Bxb8 Bb4 39. Bc7 Nd5 40. Bd8 Kf7
41. Ke2 Bd6 42. Kd3 Ke8 43. Kd4 Kxd8 44. Kxd5 Bxg3 45. Nd4 Kd7 46. Ne6 Bd6 47.
Nd4 h5 48. Nf3 Bb4 49. Nh4 g5 50. Nf5 Bxa5 51. Ng3 h4 52. Ne4 Ke7 53. Nc5 g4 54.
Ke4 f5+ 55. Kf4 Bd2+ 56. Kxf5 gxh3 57. Ne4 Be1 0-1

[Event "London Classic Open 2015"]
[Site "London ENG"]
[Date "2015.12.05"]
[Round "2.37"]
[White "Krishna C R G"]
[Black "Wecker, Martin"]
[Result "1-0"]
[WhiteTitle "IM"]
[WhiteElo "2367"]
[BlackElo "2161"]
[WhiteFideId "5018625"]
[BlackFideId "12931462"]
[EventDate "2015.12.04"]

1. d4 d5 2. Nf3 c5 3. e3 Nc6 4. dxc5 e6 5. a3 Bxc5 6. b4 Be7 7. c4 Nf6 8. Bb2
O-O 9. Qc2 Ne4 10. Bd3 f5 11. Nc3 Bf6 12. Rd1 Nxc3 13. Bxc3 Bd7 14. cxd5 exd5
15. b5 Na5 16. Bxf6 Rxf6 17. Qc5 Be6 18. Nd4 b6 19. Qb4 Bd7 20. Ne2 Rc8 21. Nf4
Be8 22. O-O Bf7 23. Be2 Rc5 24. Rd4 Qe8 25. Rfd1 Rd6 26. a4 g5 27. Nd3 Nb7 28.
Qb1 Rc4 29. Nb4 Rxd4 30. Rxd4 f4 31. Qf5 h6 32. Nxd5 Bxd5 33. Rxd5 fxe3 34. Bc4
exf2+ 35. Qxf2 Kg7 36. Qd4+ 1-0

[Event "London Classic Open 2015"]
[Site "London ENG"]
[Date "2015.12.05"]
[Round "2.38"]
[White "Stamos, Filippos"]
[Black "Lokander, Martin"]
[Result "0-1"]
[BlackTitle "FM"]
[WhiteElo "2164"]
[BlackElo "2367"]
[WhiteFideId "4242807"]
[BlackFideId "1709569"]
[EventDate "2015.12.04"]

1. d4 Nf6 2. c4 e6 3. Nf3 b6 4. g3 Ba6 5. Qa4 Bb7 6. Bg2 c5 7. dxc5 bxc5 8. O-O
Be7 9. Nc3 O-O 10. Rd1 Qb6 11. Bf4 Bc6 12. Qb3 Na6 13. Qxb6 axb6 14. Ne5 Bxg2
15. Kxg2 Rfd8 16. Nb5 d5 17. Nc6 Rd7 18. cxd5 exd5 19. Ne5 Rdd8 20. Nc6 Rd7 21.
Ne5 Rdd8 22. Nc6 Re8 23. Bg5 d4 24. Nxe7+ Rxe7 25. e3 dxe3 26. Bxe3 Nb4 27. Rd6
Nc2 28. Rad1 Nxe3+ 29. fxe3 Rxe3 30. Nc7 Rf8 31. Rxb6 h5 32. Nd5 Re2+ 33. Kf3
Rxh2 34. Nxf6+ gxf6 35. Rd3 Kg7 36. Rb5 Kg6 37. a4 Re8 38. Re3 Rd8 39. Re2 Rd3+
40. Ke4 Rd4+ 41. Kf3 Rxe2 42. Kxe2 Rxa4 43. Rxc5 Rb4 44. Rc2 Rb3 45. Kf2 Kg5 46.
Kg2 f5 47. Rf2 Rb4 48. Kh3 Rb6 49. Kg2 Rb3 50. Kh2 Kg4 51. Rf4+ Kg5 52. Rf2 Rb8
53. Kh3 Rb4 54. Kh2 f4 55. gxf4+ Rxf4 56. Rc2 Rb4 57. Rg2+ Kf5 58. Rf2+ Rf4 59.
Rc2 Rf3 60. Rc5+ Kg4 61. b4 f5 62. Rc8 Rf2+ 63. Kg1 Rb2 64. Rg8+ Kf4 65. Rh8 h4
66. Rb8 Kg3 67. Rg8+ Kf3 68. Rb8 Rg2+ 69. Kf1 Rg7 70. Rc8 h3 71. Rc3+ Kg4 72.
Kg1 Rd7 73. Kf2 Rd2+ 74. Kg1 Rb2 75. Rc7 Rxb4 76. Kf2 Rb1 77. Rg7+ Kf4 78. Rh7
h2 79. Rh4+ Kg5 80. Rxh2 Rb2+ 81. Kg1 Rxh2 82. Kxh2 Kf4 83. Kg2 Ke3 0-1

[Event "London Classic Open 2015"]
[Site "London ENG"]
[Date "2015.12.05"]
[Round "2.40"]
[White "Hill, Alistair"]
[Black "Tania, Sachdev"]
[Result "1/2-1/2"]
[BlackTitle "IM"]
[WhiteElo "2157"]
[BlackElo "2357"]
[WhiteFideId "432407"]
[BlackFideId "5007844"]
[EventDate "2015.12.04"]

1. d4 Nf6 2. c4 e6 3. Nf3 b6 4. g3 Bb7 5. Bg2 Be7 6. O-O O-O 7. Nc3 Ne4 8. Qc2
Nxc3 9. Qxc3 f5 10. b3 Bf6 11. Bb2 Qe7 12. Rfd1 d6 13. b4 Nd7 14. Qb3 a5 15. a3
axb4 16. axb4 b5 17. c5 Bd5 18. Qc2 Be4 19. Qb3 Bd5 20. Qc2 Rxa1 21. Rxa1 Nb8
22. cxd6 cxd6 23. Nd2 Bxg2 24. Kxg2 Qb7+ 25. Kg1 Nc6 26. Qb3 d5 27. Nf3 Ra8 28.
Rxa8+ Qxa8 29. Qc3 Ne7 30. Kg2 Kf7 31. Bc1 h6 32. Bf4 Qa2 33. e3 Qc4 34. Qa3 Nc6
35. Bd6 Be7 36. Bxe7 Kxe7 37. Qa8 Nxb4 38. Qg8 Nd3 39. Qxg7+ Kd6 40. Qxh6 b4 41.
Qf8+ Kd7 42. Qf7+ Kd6 43. Qf8+ Kd7 44. Qf7+ Kd6 45. Qf8+ 1/2-1/2

[Event "London Classic Open 2015"]
[Site "London ENG"]
[Date "2015.12.05"]
[Round "2.41"]
[White "Baches Garcia, Guillermo"]
[Black "De Coverly, Roger D"]
[Result "1-0"]
[WhiteTitle "IM"]
[WhiteElo "2356"]
[BlackElo "2037"]
[WhiteFideId "2209764"]
[BlackFideId "405213"]
[EventDate "2015.12.04"]

1. e4 e5 2. Nf3 Nc6 3. Bb5 a6 4. Bxc6 dxc6 5. O-O Qf6 6. h3 Bd7 7. c3 c5 8. Na3
Ne7 9. Nc4 Nc6 10. d3 h6 11. Nh2 b5 12. Ne3 Bd6 13. Nd5 Qd8 14. Qh5 g6 15. Qf3
Be7 16. Ng4 Bxg4 17. Qxg4 h5 18. Qe2 Nb8 19. f4 c6 20. Nxe7 Qxe7 21. f5 Nd7 22.
fxg6 fxg6 23. Be3 O-O-O 24. a4 Kb7 25. axb5 axb5 26. b4 Ra8 27. Rab1 Rhf8 28.
Rfc1 cxb4 29. Rxb4 Ra3 30. Rb2 Rfa8 31. c4 Nc5 32. Bxc5 Qxc5+ 33. Kh1 Ra1 34.
Rbb1 R8a2 35. Qe1 Rxb1 36. Rxb1 Kc8 37. Qg3 Qd6 38. cxb5 cxb5 39. Qe3 Ra3 40.
Qc1+ Kd8 41. Rxb5 Rxd3 42. Qg5+ Kc7 43. Qxe5 Qxe5 44. Rxe5 Kd7 45. Kh2 Rd6 46.
Kg3 Rf6 47. Kh4 Rb6 48. Kg5 Ra6 49. Kh6 h4 50. Rg5 Re6 51. Rxg6 Rxe4 52. Rg4 Re2
53. Kg5 Ke7 54. Kxh4 Kf6 55. g3 Re5 56. Rf4+ Kg6 57. Kg4 Ra5 58. h4 Rb5 59. Rc4
Ra5 60. h5+ Kg7 61. Rc7+ Kh6 62. Rc6+ Kh7 63. Kh4 Ra4+ 64. g4 Rb4 65. h6 Rb1 66.
Kh5 Rh1+ 67. Kg5 Ra1 68. Rc7+ Kh8 69. Kg6 Ra6+ 70. Kh5 Ra5+ 71. g5 Rb5 72. Re7
Ra5 73. Kg6 Ra8 74. Kf6 Ra1 75. Re8+ Kh7 76. g6+ 1-0

[Event "London Classic Open 2015"]
[Site "London ENG"]
[Date "2015.12.05"]
[Round "2.42"]
[White "Riedener, Toni"]
[Black "Jackson, James P"]
[Result "0-1"]
[BlackTitle "FM"]
[WhiteElo "2005"]
[BlackElo "2355"]
[WhiteFideId "1302698"]
[BlackFideId "416860"]
[EventDate "2015.12.04"]

1. d4 Nf6 2. c4 c5 3. d5 e6 4. Nc3 exd5 5. cxd5 d6 6. e4 g6 7. f4 Bg7 8. e5 Nfd7
9. Nb5 dxe5 10. Nd6+ Ke7 11. Nxc8+ Qxc8 12. Nf3 Re8 13. f5 Kf8 14. Ng5 e4 15.
Be2 Bd4 16. fxg6 hxg6 17. Rf1 Ne5 18. Nxe4 Nbd7 19. Nd6 Qc7 20. Nxe8 Rxe8 21.
Bh6+ Kg8 22. Qc2 Ng4 23. Bf4 Qa5+ 24. Qd2 Qb6 25. O-O-O Ne3 26. Rf3 Nxd1 27.
Bxd1 Ne5 28. Rb3 Qd6 29. Bxe5 Qxe5 30. Qd3 Qxd5 31. Bf3 Qg5+ 32. Kc2 Re1 33.
Rxb7 Qc1+ 34. Kb3 Re3 0-1

[Event "London Classic Open 2015"]
[Site "London ENG"]
[Date "2015.12.05"]
[Round "2.43"]
[White "Englert, Fabian"]
[Black "Ditmas, Hugh"]
[Result "1-0"]
[WhiteTitle "FM"]
[WhiteElo "2350"]
[BlackElo "1941"]
[WhiteFideId "24614467"]
[BlackFideId "1270666"]
[EventDate "2015.12.04"]

1. Nf3 Nf6 2. g3 e6 3. Bg2 d5 4. O-O Be7 5. d4 O-O 6. c4 dxc4 7. Qc2 a6 8. a4
Nc6 9. Qxc4 Qd5 10. Qd3 Qe4 11. Qxe4 Nxe4 12. Nc3 Nxc3 13. bxc3 Na5 14. Bf4 Bd6
15. Ne5 f6 16. Nd3 Rb8 17. e4 Bxf4 18. Nxf4 e5 19. Nd5 Rf7 20. f4 exf4 21. gxf4
Nc4 22. Rfe1 Be6 23. Ne3 Nxe3 24. Rxe3 c6 25. a5 b5 26. axb6 Rxb6 27. Bf1 Ra7
28. c4 Bc8 29. d5 c5 30. e5 Kf7 31. Ra5 fxe5 32. fxe5 Rg6+ 33. Rg3 Rxg3+ 34.
hxg3 Bf5 35. Kf2 g5 36. Ke3 h5 37. Bd3 Bxd3 38. Kxd3 h4 39. gxh4 gxh4 40. Ke4 h3
41. Kf3 Rb7 42. Kg3 Rb3+ 43. Kh2 Ke7 44. Rxc5 Re3 45. e6 Rd3 46. Rc7+ Kd8 47.
Ra7 Rd4 48. Rxa6 Rxc4 49. d6 Kc8 50. d7+ Kc7 51. Ra7+ 1-0

[Event "London Classic Open 2015"]
[Site "London ENG"]
[Date "2015.12.05"]
[Round "2.44"]
[White "Cox, John J"]
[Black "Brozel, Sacha"]
[Result "1/2-1/2"]
[WhiteTitle "IM"]
[WhiteElo "2342"]
[BlackElo "1801"]
[WhiteFideId "401064"]
[BlackFideId "429317"]
[EventDate "2015.12.04"]

1. d4 Nf6 2. c4 e6 3. Nf3 b6 4. g3 Ba6 5. Nbd2 d5 6. Bg2 Be7 7. O-O O-O 8. b3
Nbd7 9. Ne5 Bb7 10. Bb2 Rc8 11. cxd5 exd5 12. Ndc4 Ne4 13. Nxd7 Qxd7 14. Ne5 Qe6
15. Rc1 Bf6 16. Nd3 Rfd8 17. b4 c6 18. a3 Nd6 19. a4 Ba6 20. Nf4 Qe8 21. Rc2 Bc4
22. Qa1 Ra8 23. Bc3 Ne4 24. Rd1 Bb3 25. Rdc1 Bxc2 26. Rxc2 Rac8 27. Bb2 g6 28.
e3 Bg5 29. Nd3 Nd6 30. Bc3 Nc4 31. Re2 f5 32. Qd1 Ra8 33. Qb3 Qe6 34. b5 a5 35.
h4 Bh6 36. Re1 Rac8 37. Ne5 Nxe5 38. dxe5 c5 39. Rd1 c4 40. Qc2 Rc7 41. Qd2 Rcd7
42. f4 Bf8 43. Bf3 Bc5 44. Kg2 h5 45. Kf1 Kf7 46. Bd4 Bb4 47. Qc2 Bc5 48. Ke2
Rc8 1/2-1/2

[Event "London Classic Open 2015"]
[Site "London ENG"]
[Date "2015.12.05"]
[Round "2.46"]
[White "Hung, Jake"]
[Black "Lenderman, Aleksandr"]
[Result "0-1"]
[BlackTitle "GM"]
[WhiteElo "1650"]
[BlackElo "2626"]
[WhiteFideId "426431"]
[BlackFideId "2021285"]
[EventDate "2015.12.04"]

1. c4 c5 2. g3 Nc6 3. Bg2 g6 4. Nc3 Bg7 5. e4 Nf6 6. f4 d6 7. Nf3 O-O 8. O-O a6
9. d3 Bg4 10. Ne2 b5 11. cxb5 axb5 12. a4 Nd7 13. Ra2 Qb6 14. Be3 Be6 15. b3
bxa4 16. Rxa4 Bxb3 17. Rxa8 Bxd1 18. Rxf8+ Nxf8 19. Rxd1 Ne6 20. Kf2 Qb3 21. Rd2
Nb4 22. Ne1 Bb2 23. f5 Nd4 24. Nxd4 cxd4 25. Bf4 Bc3 26. Re2 Bxe1+ 27. Kxe1
Nxd3+ 28. Kd2 Qb2+ 29. Kd1 Qb1+ 30. Kd2 Qc1+ 31. Kxd3 Qc3# 0-1

[Event "London Classic Open 2015"]
[Site "London ENG"]
[Date "2015.12.05"]
[Round "2.47"]
[White "Grigoriants, Sergey"]
[Black "Kalavannan, Koby"]
[Result "1/2-1/2"]
[WhiteTitle "GM"]
[WhiteElo "2603"]
[BlackElo "2088"]
[WhiteFideId "4130804"]
[BlackFideId "425753"]
[EventDate "2015.12.04"]

1. Nf3 Nf6 2. c4 g6 3. Nc3 Bg7 4. g3 O-O 5. Bg2 d6 6. d4 Nc6 7. O-O e5 8. d5 Nb8
9. Ne1 a5 10. Nd3 Na6 11. a3 Nd7 12. Rb1 f5 13. e4 Nac5 14. b4 Nxd3 15. Qxd3 b6
16. exf5 1/2-1/2

[Event "London Classic Open 2015"]
[Site "London ENG"]
[Date "2015.12.05"]
[Round "2.48"]
[White "Bok, Benjamin"]
[Black "Rogers, Tim L"]
[Result "1-0"]
[WhiteTitle "GM"]
[WhiteElo "2594"]
[BlackElo "2075"]
[WhiteFideId "1017063"]
[BlackFideId "418137"]
[EventDate "2015.12.04"]

1. e4 c6 2. d4 d5 3. e5 Bf5 4. Nf3 e6 5. Be2 Ne7 6. O-O Nd7 7. Nbd2 h6 8. c3 c5
9. dxc5 Nxc5 10. Bb5+ Nd7 11. Nd4 Bh7 12. N2b3 a6 13. Nc5 axb5 14. Nxb7 Nxe5 15.
Nxd8 Rxd8 16. Nxb5 Bd3 17. Qa4 Bxb5 18. Qxb5+ Nd7 19. Bf4 g5 20. Be5 Rg8 21. a4
Bg7 22. Bxg7 Rxg7 23. a5 Nf5 24. a6 Nd6 25. Qc6 1-0

[Event "London Classic Open 2015"]
[Site "London ENG"]
[Date "2015.12.05"]
[Round "2.49"]
[White "Baron, Tal"]
[Black "Gupta, Arul"]
[Result "1-0"]
[WhiteTitle "GM"]
[WhiteElo "2544"]
[BlackElo "2063"]
[WhiteFideId "2809958"]
[BlackFideId "422622"]
[EventDate "2015.12.04"]

1. d4 Nf6 2. c4 e6 3. Nc3 Bb4 4. f3 O-O 5. a3 Bxc3+ 6. bxc3 Ne8 7. e4 b6 8. Bd3
Ba6 9. Nh3 Nc6 10. O-O Na5 11. Qe2 c5 12. e5 f5 13. Ra2 Qc7 14. Rc2 Rc8 15. Bd2
Qc6 16. d5 Qa4 17. d6 Bxc4 18. Bc1 Bxd3 19. Qxd3 c4 20. Qe2 Nb3 21. Be3 Qb5 22.
f4 g6 23. Ng5 Ng7 24. Qf2 Nh5 25. h3 h6 26. Nf3 Nc5 27. Qh4 Qa4 28. Rcf2 Ne4 29.
g4 fxg4 30. hxg4 Nxf2 31. gxh5 Ne4 32. hxg6 Kg7 33. f5 Ng5 34. Bxg5 hxg5 35.
Qh7# 1-0

[Event "London Classic Open 2015"]
[Site "London ENG"]
[Date "2015.12.05"]
[Round "2.50"]
[White "Fraser-Mitchell, Jeremy N"]
[Black "Hector, Jonny"]
[Result "0-1"]
[BlackTitle "GM"]
[WhiteElo "2062"]
[BlackElo "2499"]
[WhiteFideId "405000"]
[BlackFideId "1700090"]
[EventDate "2015.12.04"]

1. d4 d5 2. c4 c6 3. cxd5 cxd5 4. Nf3 Nf6 5. Nc3 Nc6 6. Bf4 Bf5 7. e3 e6 8. Bb5
Nd7 9. Qa4 Rc8 10. O-O a6 11. Bxc6 Rxc6 12. Rfc1 Be7 13. Ne2 Qb6 14. Rxc6 bxc6
15. Rc1 Bd3 16. Rxc6 Qxb2 17. Rc8+ Bd8 18. Ne5 Bb5 19. Qc2 Qxc2 20. Rxc2 Nxe5
21. Bxe5 f6 22. Bd6 Kd7 23. Bc5 Ba5 24. Nc3 Bd3 25. Rc1 Rb8 26. h3 Bc4 27. a3 f5
28. e4 Rb3 29. Bb4 Bxb4 30. axb4 Rxb4 31. exd5 exd5 32. Kh2 a5 33. Kg3 Bb3 34.
Ne2 a4 0-1